[Event "AS04 Centenary"]
[Site "Copenhagen DEN"]
[Date "2004.02.15"]
[Round "9"]
[White "Lund,E"]
[Black "Paaske,A"]
[Result "1-0"]
[WhiteElo "2289"]
[BlackElo "2165"]

1.d4 Nf6 2.c4 g6 3.Nc3 d5 4.cxd5 Nxd5 5.e4 Nxc3 6.bxc3 Bg7 7.Bc4 c5 8.Ne2 O-O
9.O-O Nc6 10.Be3 Qc7 11.Rc1 Rd8 12.Bf4 Qd7 13.dxc5 Qg4 14.Qb3 Rf8 15.f3 Qh5
16.Qb5 Ne5 17.Bd5 a6 18.Qb6 Nd3 19.c6 Nxc1 20.Rxc1 bxc6 21.Bxc6 Be6 22.Bxa8 Rxa8
23.c4 Bh6 24.Rd1 Kg7 25.Ng3 Qh4 26.Be5+ f6 27.Qxe6 Be3+ 28.Kf1 fxe5 29.Qxe5+ Kh6
30.Ke2 Bf4 31.Qe6 Kg7 32.Rd7 Re8 33.Nf1 Bg5 34.g3 Qh5 35.h4 Bf6 36.Rd5 Qh6
37.e5 Kf8 38.Ne3 Bg7 39.f4 Rb8 40.Rd7 Qh5+ 41.Ng4  1-0

[Event "53rd ch-BUL w"]
[Site "Sofia BUL"]
[Date "2004.02.17"]
[Round "1"]
[White "Raeva,E"]
[Black "Zlatanova,E"]
[Result "1/2-1/2"]
[WhiteElo "2141"]
[BlackElo "2126"]

1.d4 Nf6 2.c4 g6 3.Nc3 d5 4.cxd5 Nxd5 5.e4 Nxc3 6.bxc3 Bg7 7.Bc4 c5 8.Ne2 Nc6
9.Be3 O-O 10.O-O Qc7 11.Rc1 Rd8 12.Qa4 Na5 13.Bf4 e5 14.Bg5 Rf8 15.f4 h6
16.Bh4 Nxc4 17.Qxc4 exf4 18.Nxf4 g5 19.Nd5 Be6 20.Bg3 Qd7 21.Qxc5 Bxd5 22.Qxd5 Qxd5
23.exd5 f5 24.Be5 f4 25.h3 Bxe5 26.dxe5 Rf5 27.Rfe1 Re8 28.Rcd1 Rfxe5 29.Rxe5 Rxe5
30.d6 Re8 31.Kf2 Rd8 32.Kf3 Kf7 33.h4 Ke6 34.hxg5 hxg5 35.Re1+ Kf5 36.Rd1 g4+
37.Ke2 Ke5 38.d7 Ke6 39.Rd4 f3+ 40.gxf3 gxf3+ 41.Kxf3 Rxd7 42.Ra4 b5 43.Ra5 Rd3+  1/2-1/2

[Event "FSGM February"]
[Site "Budapest HUN"]
[Date "2004.02.19"]
[Round "13"]
[White "Kahn,E"]
[Black "Szeberenyi,A"]
[Result "1/2-1/2"]
[WhiteElo "2292"]
[BlackElo "2450"]

1.d4 Nf6 2.c4 g6 3.Nc3 d5 4.cxd5 Nxd5 5.e4 Nxc3 6.bxc3 Bg7 7.Nf3 c5 8.Be2 cxd4
9.cxd4 Nc6 10.Be3 Qa5+ 11.Bd2 Qa3 12.d5 Ne5 13.Nxe5 Bxe5 14.Bb5+ Bd7 15.Bxd7+ Kxd7
16.Rb1 Qa6  1/2-1/2

[Event "Aeroflot Open"]
[Site "Moscow RUS"]
[Date "2004.02.19"]
[Round "3"]
[White "Sakaev,K"]
[Black "Dvoirys,S"]
[Result "1/2-1/2"]
[WhiteElo "2656"]
[BlackElo "2594"]

1.d4 Nf6 2.c4 g6 3.Nc3 d5 4.cxd5 Nxd5 5.e4 Nxc3 6.bxc3 Bg7 7.Bc4 c5 8.Ne2 Nc6
9.Be3 O-O 10.O-O Qc7 11.Rc1 e6 12.Qd2 Na5 13.Bd3 b6 14.Bh6 Bb7 15.e5 Qe7
16.h4 Rac8 17.Bg5 f6 18.exf6 Bxf6 19.Ng3 Bxg5 20.hxg5 Qd6 21.Qe3 cxd4 22.cxd4 Bd5
23.Rxc8 Rxc8  1/2-1/2

[Event "Aeroflot Open"]
[Site "Moscow RUS"]
[Date "2004.02.21"]
[Round "5"]
[White "Korobov,A"]
[Black "Aronian,L"]
[Result "1-0"]
[WhiteElo "2552"]
[BlackElo "2648"]

1.d4 Nf6 2.c4 g6 3.Nc3 d5 4.cxd5 Nxd5 5.e4 Nxc3 6.bxc3 Bg7 7.Bc4 O-O 8.Ne2 Nc6
9.O-O e5 10.Be3 Qe7 11.d5 Na5 12.Bd3 b6 13.f3 Nb7 14.Ba6 Nd6 15.Bxc8 Rfxc8
16.Qd3 c6 17.c4 Qb7 18.Rfd1 cxd5 19.cxd5 Nc4 20.Rab1 Nxe3 21.Qxe3 Bf8 22.Qd3 a6
23.f4 exf4 24.d6 Re8 25.d7 Re5 26.d8=Q Rxd8 27.Qxd8 Qxe4 28.Rb2 Qe3+ 29.Kf1 f3
30.Ng3 h5 31.Qd3 fxg2+ 32.Rxg2 Qc5 33.Rf2 Qe7 34.Qd7 Re1+ 35.Kg2 Rxd1 36.Qxd1 h4
37.Ne2 Qe4+ 38.Kf1 b5 39.Qb3 Qb7 40.Qf3 Qd7 41.Nf4 Bg7 42.Qd5 Qg4 43.Ng2  1-0

[Event "Tringov mem Open"]
[Site "Plovdiv BUL"]
[Date "2004.02.22"]
[Round "9"]
[White "Genov,Peta"]
[Black "Petkov,V"]
[Result "1/2-1/2"]
[WhiteElo "2499"]
[BlackElo "2345"]

1.d4 Nf6 2.c4 g6 3.Nc3 d5 4.cxd5 Nxd5 5.e4 Nxc3 6.bxc3 Bg7 7.Be3 c5 8.Qd2 Qa5
9.Rb1 a6 10.Rc1 O-O 11.Nf3 Nd7 12.d5 b5 13.Bd3 c4 14.Bb1 Qc7 15.Bh6 e5 16.dxe6 fxe6
17.O-O Bb7 18.Bxg7 Kxg7 19.Nd4 Nc5 20.f4 e5 21.fxe5 Qxe5 22.Nf3 Qe7 23.Qd4+ Kg8
24.Rcd1 Rad8 25.Qe3 Rxd1 26.Rxd1 Ne6 27.Nd4 Nf4 28.Re1 Qe5 29.Nf3 Qh5 30.Nd4 Qe5
31.Nf3 Qh5 32.Nd4 Qe5 33.a4 Qg5 34.Qg3 Qc5 35.axb5 axb5 36.Qe3 Qg5 37.Qg3 Qc5
38.Qe3 Qg5 39.Qg3 Qc5  1/2-1/2

[Event "48th ch-BLR w"]
[Site "Minsk BLR"]
[Date "2004.02.23"]
[Round "4"]
[White "Gerasimovitch,O"]
[Black "Polivoda,N"]
[Result "0-1"]
[WhiteElo "2226"]
[BlackElo "2187"]

1.d4 Nf6 2.c4 g6 3.Nc3 d5 4.cxd5 Nxd5 5.e4 Nxc3 6.bxc3 Bg7 7.Bb5+ c6 8.Ba4 O-O
9.Ne2 Nd7 10.O-O c5 11.Be3 cxd4 12.cxd4 Nb6 13.Bb3 Bd7 14.Rb1 Qe8 15.Re1 Kh8
16.d5 e5 17.Qd2 Nc8 18.Bh6 Nd6 19.Bxg7+ Kxg7 20.Ng3 Qe7 21.f4 b5 22.Rf1 a5
23.f5 f6 24.Bc2 b4 25.Bd3 Rac8 26.fxg6 hxg6 27.Rbc1 Bb5 28.Bxb5 Nxb5 29.Qf2 Nc3
30.h4 Qc5 31.h5 Qxf2+ 32.Rxf2 gxh5 33.Nxh5+ Kg6 34.Ng3 Rc4 35.Rfc2 Rfc8 36.Kf1 Nxe4
37.Rxc4 Nd2+ 38.Ke2 Nxc4 39.Kd3 Nb2+ 40.Kd2 Rxc1 41.Kxc1 Nd3+ 42.Kd2 Nc5
43.Ke3 f5 44.Nf1 f4+ 45.Kf3 a4 46.Nd2 b3 47.a3 Kf5 48.Nc4 Nd3 49.d6 Ke6 50.Ke4 b2
51.Nd2 Nc5+ 52.Kf3 Nb3 53.Nb1 Kxd6 54.Ke4 Nc5+ 55.Kf3 Kd5 56.g3 fxg3 57.Kxg3 Kd4
58.Kf2 Kd3 59.Ke1 Ne4 60.Kd1 Nc3+  0-1

[Event "Aeroflot Open"]
[Site "Moscow RUS"]
[Date "2004.02.25"]
[Round "9"]
[White "Olafsson,H1"]
[Black "Huzman,A"]
[Result "1-0"]
[WhiteElo "2504"]
[BlackElo "2597"]

1.d4 Nf6 2.c4 g6 3.Nc3 d5 4.cxd5 Nxd5 5.e4 Nxc3 6.bxc3 Bg7 7.Be3 c5 8.Qd2 Qa5
9.Rb1 b6 10.Bb5+ Bd7 11.Bd3 O-O 12.Nf3 Nc6 13.Rc1 Bg4 14.d5 Rad8 15.Qc2 Bxf3
16.gxf3 Nd4 17.Qd1 Nb5 18.Bd2 Nd6 19.Qb3 f5 20.exf5 c4 21.Bxc4 Rxf5 22.Be2 Rxd5
23.O-O Kh8 24.Bf4 Rf8 25.Bg3 Rd2 26.Rc2 Rxc2 27.Qxc2 Bxc3 28.Rd1 Bf6 29.a4 Rc8
30.Qb3 Rc3 31.Qe6 Qf5 32.Rxd6 exd6 33.Qxd6 Rc8 34.Kg2 Rd8 35.Qc7 Qd7 36.Qf4 Qd4
37.Qc7 Qd7 38.Qf4 Qe7 39.Bb5 Kg7 40.Qc4 Rd4 41.Qc8 Rd8 42.Qc4 Rd4 43.Qc8 Be5
44.Qc3 Qf6 45.Qc8 h5 46.Qb7+ Kh6 47.Qc8 h4 48.Bxe5 Qxe5 49.Bd7 Qf6 50.Qa8 Kg7
51.Bg4 Rd2 52.Qe4 Qd6 53.Qb7+ Kh6 54.Qf7 Re2 55.Qg8 Qd4 56.Kh3 Qe5 57.Kxh4  1-0

[Event "48th ch-BLR w"]
[Site "Minsk BLR"]
[Date "2004.02.26"]
[Round "7"]
[White "Sharevich,A"]
[Black "Popova,N"]
[Result "0-1"]
[WhiteElo "2236"]
[BlackElo "2287"]

1.d4 Nf6 2.c4 g6 3.Nc3 d5 4.cxd5 Nxd5 5.e4 Nxc3 6.bxc3 Bg7 7.Ba3 Nd7 8.Bc4 c5
9.Qb3 O-O 10.Nf3 cxd4 11.cxd4 Nb6 12.O-O Nxc4 13.Qxc4 b6 14.Rad1 Bb7 15.Rfe1 Rc8
16.Qb3 Rc7 17.Bb4 Qc8 18.d5 h6 19.h3 Re8 20.e5 a5 21.Bd2 a4 22.Qxb6 Bxd5
23.a3 Bxf3 24.gxf3 Rc6 25.Qb5 Rc5 26.Qxa4 Rc4 27.Qb5 Rh4 28.Qf1 Rxh3 29.Qg2 Qf5
30.Bf4 Rh4 31.Bg3 Ra4 32.Re3 h5 33.f4 Rea8 34.Qd5 R4a5 35.Qd7 e6 36.Qe7 R5a7
37.Rd8+ Rxd8 38.Qxd8+ Kh7 39.Qd3 Qg4 40.Kh2 Bf8 41.Qd8 Be7 42.Qb6 Rxa3 43.Rxa3 Bxa3
44.Qa7 Bf8 45.Qxf7+ Bg7 46.Qe7 Kh6 47.Qh4 Qxh4+ 48.Bxh4 Kh7 49.Kg2 Kg8 50.f3 Kf7
51.Bd8 Ke8 52.Bb6 Bh6 53.Kg3 Kd7 54.Be3 Bf8 55.Kh4 Be7+ 56.Kg3 Kc6 57.Bd2 Kd5
58.Ba5 Kd4 59.Bb6+ Kd3 60.Bc7 Ke2 61.Bd6 Bd8 62.Bf8 Kf1 63.Bg7 Bb6 64.Bf6 Bf2+
65.Kh3 Ke2 66.Kg2 h4 67.Bg5 h3+ 68.Kxh3 Kxf3 69.Bh6 Bg3 70.Bg7 Bxf4 71.Kh4 g5+
72.Kh5 g4 73.Bf8 g3 74.Bc5 Be3  0-1

[Event "ch-CZE"]
[Site "Karlovy Vary CZE"]
[Date "2004.02.27"]
[Round "11"]
[White "Polak,T"]
[Black "Jansa,Vl"]
[Result "1/2-1/2"]
[WhiteElo "2490"]
[BlackElo "2477"]

1.d4 Nf6 2.c4 g6 3.Nc3 d5 4.cxd5 Nxd5 5.e4 Nxc3 6.bxc3 Bg7 7.Nf3 c5 8.Rb1 O-O
9.Be2 b6 10.O-O Bb7 11.Qd3 Ba6 12.Qe3 Qd7 13.Bxa6  1/2-1/2

[Event "ch-BRA"]
[Site "Rio de Janeiro BRA"]
[Date "2004.03.02"]
[Round "8"]
[White "Cavalcanti,F"]
[Black "Rios Filho,H"]
[Result "1-0"]
[WhiteElo "2301"]
[BlackElo "2238"]

1.d4 Nf6 2.c4 g6 3.Nc3 d5 4.cxd5 Nxd5 5.e4 Nxc3 6.bxc3 Bg7 7.Bb5+ c6 8.Ba4 O-O
9.Ne2 e5 10.Rb1 Qe7 11.Bc2 Nd7 12.O-O Nb6 13.Qd3 f5 14.Bb3+ Kh8 15.f3 fxe4
16.fxe4 Rxf1+ 17.Kxf1 Qh4 18.h3 Bxh3 19.Ng3 Bg4 20.Kg1 Rd8 21.d5 Rf8 22.Bd2 cxd5
23.Be1 Qe7 24.exd5 Rf4 25.Rb2 Nc8 26.Bf2 b6 27.c4 Nd6 28.Rd2 Rf8 29.c5 bxc5
30.Bxc5 Qd8 31.Bxa7 Qa5 32.Qe3 Rc8 33.Bb6 Qb4 34.a3 Qxa3 35.Ra2 Qc1+ 36.Qxc1 Rxc1+
37.Kh2 e4 38.Ra8+ Bc8 39.Be3 Rc3 40.Bf4 Nf5 41.Nxe4  1-0

[Event "21st Open"]
[Site "Reykjavik ISL"]
[Date "2004.03.11"]
[Round "5"]
[White "Bergsson,Sn"]
[Black "Kjartansson,G"]
[Result "1/2-1/2"]
[WhiteElo "2270"]
[BlackElo "2162"]

1.d4 Nf6 2.c4 g6 3.Nc3 d5 4.cxd5 Nxd5 5.e4 Nxc3 6.bxc3 Bg7 7.Bc4 c5 8.Ne2 O-O
9.O-O Nc6 10.Be3 Bg4 11.f3 Na5 12.Bd3 cxd4 13.cxd4 Be6 14.d5 Bxa1 15.Qxa1 f6
16.Bh6 Qb6+ 17.Kh1 Bd7 18.Rb1 Qc5 19.Rc1 Qb6 20.Bxf8 Rxf8 21.Nd4 e6 22.dxe6 Bxe6
23.Nxe6 Qxe6 24.Qc3 Qe5 25.Bc4+ Nxc4 26.Qxc4+ Rf7 27.g3 Kg7 28.f4 Qe8 29.Kg2 Re7
30.Kf3 Qd8 31.Ke3 Rd7 32.Rc2 Qb6+ 33.Kf3 Qg1 34.Kg4 Rd1  1/2-1/2

[Event "TCh-SWE 2003-4"]
[Site "Goteborg SWE"]
[Date "2004.03.12"]
[Round "9"]
[White "Eriksson,Joh"]
[Black "Moberg,K"]
[Result "1-0"]
[WhiteElo "2423"]
[BlackElo "2354"]

1.d4 Nf6 2.c4 g6 3.Nc3 d5 4.cxd5 Nxd5 5.e4 Nxc3 6.bxc3 Bg7 7.Nf3 c5 8.Rb1 O-O
9.Be2 cxd4 10.cxd4 Qa5+ 11.Bd2 Qxa2 12.O-O b6 13.Qc1 Qe6 14.Re1 Bb7 15.Bc4 Qd7
16.Bh6 Rc8 17.Bxg7 Kxg7 18.d5 Na6 19.Qb2+ f6 20.Bxa6 Bxa6 21.Nd4 Bc4 22.Ne6+ Kg8
23.Rbd1 Qe8 24.h4 Qf7 25.Re3 b5 26.Rf3 a5 27.h5 a4 28.hxg6 hxg6 29.Rh3 Ra6
30.Rg3 Rxe6 31.dxe6 Bxe6 32.Qxb5 Bb3 33.Re1 Kg7 34.e5 f5 35.e6 Qf6 36.Qd7 Rh8
37.Rc1 Qxe6 38.Qxe6 Bxe6 39.Re3 Kf7 40.Rce1 Bb3 41.Rxe7+ Kf6 42.Ra7 Rd8 43.Ra6+ Kg5
44.Re3 Rd1+ 45.Kh2 Rd2 46.Rg3+ Kf4 47.Rf3+ Kg5 48.Rb6 f4 49.Rb4 Bd5 50.Rfxf4 a3
51.Rfd4 a2 52.Rxd2 a1=Q 53.Rxd5+ Kh6 54.Rh4+ Kg7 55.Rd7+ Kf6 56.Rd6+ Kg7
57.Rhd4 Qe1 58.Rd2 Qe5+ 59.g3 Qh5+ 60.Kg2 Qe5 61.R2d4 Kh6 62.Rd7 Qe2 63.Rh4+ Kg5
64.Rd5+ Kf6 65.Rf4+ Kg7 66.Rg5  1-0

[Event "FSGM March"]
[Site "Budapest HUN"]
[Date "2004.03.13"]
[Round "8"]
[White "Pataki,G"]
[Black "Szeberenyi,A"]
[Result "1/2-1/2"]
[WhiteElo "2374"]
[BlackElo "2450"]

1.d4 Nf6 2.c4 g6 3.Nc3 d5 4.cxd5 Nxd5 5.e4 Nxc3 6.bxc3 Bg7 7.Bc4 O-O 8.Ne2 c5
9.O-O Nc6 10.Be3 Bd7 11.Rb1 a6 12.dxc5 Na5 13.Bd3 Qc7 14.Nd4 Rfd8 15.Qe2 e6  1/2-1/2

[Event "TCh-SWE 2003-4"]
[Site "Goteborg SWE"]
[Date "2004.03.13"]
[Round "10"]
[White "Olsson,L"]
[Black "Akesson,R"]
[Result "1/2-1/2"]
[WhiteElo "2299"]
[BlackElo "2448"]

1.d4 Nf6 2.c4 g6 3.Nc3 d5 4.cxd5 Nxd5 5.e4 Nxc3 6.bxc3 Bg7 7.Bc4 c5 8.Ne2 Nc6
9.Be3 O-O 10.Rc1 cxd4 11.cxd4 Qa5+ 12.Kf1 Qa3 13.Rc3 Qd6 14.h4 Rd8 15.h5 Nxd4
16.hxg6 Nxe2 17.Rd3 Nc3 18.Qf3 Be6 19.gxf7+ Kf8 20.Rxd6 Bxc4+ 21.Kg1 Rxd6
22.Rxh7 Ne2+ 23.Kh1 Rg6 24.g3 Rd8 25.Qh5 Rdd6 26.Qf5 Bxf7 27.Qc8+ Be8 28.Qc4 Nd4
29.Rxg7 Rxg7 30.Bxd4 Rg4 31.Qc5 Rxe4 32.Qf5+ Kg8 33.Be3 Bc6 34.Qg5+ Kf7 35.Kh2 Rd5
36.Qh6 Ree5 37.g4 Ke8 38.Qh8+ Kd7 39.Bf4 Re2 40.Kg3 Rd1 41.Be3 Rg1+ 42.Kf4 Rxa2
43.Qd4+  1/2-1/2

[Event "Dos Hermanas Internet Final"]
[Site "ICC INT"]
[Date "2004.03.13"]
[Round "1.1"]
[White "Gozzoli,Y"]
[Black "Shipov,S"]
[Result "1/2-1/2"]
[WhiteElo "2430"]
[BlackElo "2593"]

1.d4 Nf6 2.c4 g6 3.Nc3 d5 4.cxd5 Nxd5 5.e4 Nxc3 6.bxc3 Bg7 7.Bc4 c5 8.Ne2 Nc6
9.Be3 O-O 10.O-O Bd7 11.Rb1 Rc8 12.dxc5 Na5 13.Bb5 Bxb5 14.Rxb5 Qc7 15.Qa4 Nc6
16.Rfb1 Rb8 17.Nd4 Rfd8 18.h3 h5 19.Nxc6 Qxc6 20.Ra5 Qc7 21.Rxa7 Bxc3 22.Qc2 Be5
23.a4 h4 24.Qe2 Bd4 25.Rc1 Qe5 26.Qf3 Bxe3 27.Qxe3 g5 28.Ra5 Ra8 29.Qe1 Qf4
30.Rxa8 Rxa8 31.Rc4 Rd8 32.Rb4 Rd7 33.e5 Qf5 34.a5 Rc7 35.Qe3 Kg7 36.Rg4 Kg6
37.f4 f6 38.fxg5 fxg5 39.Rb4 Rd7 40.Kh2 Rd3 41.Qe1 Rd5 42.Rb5 Rxe5 43.Qc3 Re2
44.Rb6+ Kh7 45.Qd4 Re1 46.Rb3 Re4 47.Qa1 Qf4+ 48.Kh1 Re2 49.Qb1+ Kg7 50.Rb2 Re3
51.Rb6 Qe5 52.Qg6+ Kf8 53.Qh6+ Ke8 54.Qh5+ Kd8 55.Qd1+ Kc7 56.Rb1 Qe4 57.Kh2 Re2
58.Qg1 g4 59.hxg4 Qf4+ 60.Kh1 h3 61.Qh2 hxg2+ 62.Kg1 Qxh2+ 63.Kxh2 Re4 64.Kg3  1/2-1/2

[Event "It"]
[Site "Miskolc HUN"]
[Date "2004.03.19"]
[Round "9"]
[White "Varga,Zo"]
[Black "Gyimesi,Z"]
[Result "1/2-1/2"]
[WhiteElo "2564"]
[BlackElo "2553"]

1.d4 Nf6 2.c4 g6 3.Nc3 d5 4.cxd5 Nxd5 5.e4 Nxc3 6.bxc3 Bg7 7.Bc4 c5 8.Ne2 O-O
9.O-O Nc6 10.Be3 cxd4 11.cxd4 Bg4 12.f3 Na5 13.Bxf7+ Rxf7 14.fxg4 Rxf1+ 15.Kxf1 e5
16.Kg1 Rc8 17.Rb1 b6 18.dxe5 Bxe5 19.Qxd8+ Rxd8 20.Bf4 Bxf4 21.Nxf4 Rd4 22.Nd5 Nc4
23.Re1 Nd2 24.Re2 Nxe4  1/2-1/2

[Event "Rapid"]
[Site "Reykjavik ISL"]
[Date "2004.03.19"]
[Round "2.1"]
[White "Nielsen,PH"]
[Black "Sutovsky,E"]
[Result "1-0"]
[WhiteElo "2638"]
[BlackElo "2666"]

1.d4 Nf6 2.c4 g6 3.Nc3 d5 4.cxd5 Nxd5 5.e4 Nxc3 6.bxc3 Bg7 7.Bc4 c5 8.Ne2 Nc6
9.Be3 cxd4 10.cxd4 b5 11.Bd5 Bd7 12.Rc1 Rc8 13.O-O O-O 14.Bxc6 Rxc6 15.Rxc6 Bxc6
16.d5 Bd7 17.Qd2 a5 18.Bd4 e5 19.Bc5 Re8 20.Rc1 b4 21.Be3 Bb5 22.Ng3 Qd7
23.a3 bxa3 24.Qxa5 Bf8 25.Bc5 Bxc5 26.Rxc5 Ba4 27.Rc4 Bb5 28.Rc7 Rc8 29.Rxc8+ Qxc8
30.Qxa3 h5 31.h4 Qc2 32.Qa8+ Kg7 33.Qb8 Qb2 34.Kh2 Kh7 35.d6 Qxf2 36.Qxb5 Qf4
37.Qd3 Qxh4+ 38.Kg1 Qd8 39.d7 Kg7 40.Qd6 h4 41.Nf1 h3 42.Qxe5+ f6 43.Qd6 hxg2
44.Ne3 Qa5 45.Nxg2 Qd8 46.Kf2 g5 47.Ne3  1-0

[Event "FSIM April"]
[Site "Budapest HUN"]
[Date "2004.04.03"]
[Round "1"]
[White "Nagle,S"]
[Black "Gerard,N"]
[Result "1-0"]
[WhiteElo "2375"]
[BlackElo "2283"]

1.d4 Nf6 2.c4 g6 3.Nc3 d5 4.cxd5 Nxd5 5.e4 Nxc3 6.bxc3 Bg7 7.Bc4 c5 8.Ne2 O-O
9.O-O Nc6 10.Be3 Qc7 11.Bf4 Qd7 12.dxc5 Na5 13.Bd5 Qb5 14.Be3 e6 15.Bb3 Bd7
16.Nd4 Qa6 17.Bg5 Rfe8 18.f4 Bb5 19.Rf2 h6 20.Bh4 Bf8 21.f5 exf5 22.exf5 g5
23.Bxf7+ Kxf7 24.Qh5+ Kg8 25.f6 Kh7 26.Nf3 Bc4 27.Bxg5 Bd3 28.Bxh6 Bxh6 29.Ng5+ Kg8
30.Qxh6  1-0

[Event "TCh-CZE Extraliga 2003-4"]
[Site "Czech Rep CZE"]
[Date "2004.04.03"]
[Round "10"]
[White "Neuman,P"]
[Black "Ftacnik,L"]
[Result "0-1"]
[WhiteElo "2445"]
[BlackElo "2582"]

1.d4 Nf6 2.c4 g6 3.Nc3 d5 4.cxd5 Nxd5 5.e4 Nxc3 6.bxc3 Bg7 7.Nf3 c5 8.Rb1 O-O
9.Be2 Nc6 10.d5 Ne5 11.Nxe5 Bxe5 12.Qd2 e6 13.f4 Bc7 14.Bc4 a6 15.dxe6 Qxd2+
16.Bxd2 fxe6 17.Rf1 b5 18.Bb3 Bd7 19.Rd1 c4 20.Bc2 Bc6 21.Ke2 g5 22.g3 Be8
23.Rg1 Bb6 24.Be3 Bh5+ 25.g4 Bxe3 26.Kxe3 gxf4+ 27.Kf3 Bg6 28.Rd6 e5 29.Rgd1 Bf7
30.a4 Rfb8 31.a5 b4 32.cxb4 Rxb4 33.h4 Rb2 34.Ba4 c3 35.Bc6 Rc8 36.Rd8+ Rxd8
37.Rxd8+ Kg7 38.Bd5 c2 39.Rc8 Be8 40.Rc7+ Kf8 41.h5 Bb5 42.g5 Be2+ 43.Kf2 Bc4  0-1

[Event "TCh-FRA Nat1 GpB"]
[Site "Montpellier FRA"]
[Date "2004.04.03"]
[Round "6"]
[White "Flear,G"]
[Black "Karr,JP"]
[Result "1/2-1/2"]
[WhiteElo "2489"]
[BlackElo "2364"]

1.d4 Nf6 2.c4 g6 3.Nc3 d5 4.cxd5 Nxd5 5.e4 Nxc3 6.bxc3 Bg7 7.Bc4 c5 8.Ne2 Nc6
9.Be3 O-O 10.O-O Bd7 11.Rb1 a6 12.dxc5 Qc7 13.Nd4 Na5 14.Bd3 Rfd8 15.f4 Qxc5
16.Nf5 Qa3 17.Nxg7 Ba4 18.Qe2 Qxc3 19.Bb6 Qxd3 20.Qxd3 Rxd3 21.Bxa5 Bc6 22.Bb4 Kxg7
23.e5 Re8 24.Rbd1 Rxd1  1/2-1/2

[Event "ch-ISL"]
[Site "Reykjavik ISL"]
[Date "2004.04.04"]
[Round "2.2"]
[White "Stefansson,H"]
[Black "Kristjansson,S"]
[Result "1/2-1/2"]
[WhiteElo "2572"]
[BlackElo "2404"]

1.d4 Nf6 2.c4 g6 3.Nc3 d5 4.cxd5 Nxd5 5.e4 Nxc3 6.bxc3 Bg7 7.Nf3 c5 8.Bb5+ Nd7
9.O-O O-O 10.Bf4 Nf6 11.Bd3 Bg4 12.Rb1 Nh5 13.Be3 b6 14.Be2 Nf6 15.Qd3 e5
16.dxc5  1/2-1/2

[Event "Asian U18g"]
[Site "Tehran IRI"]
[Date "2004.04.04"]
[Round "2"]
[White "Tuitebaeva,D"]
[Black "Harika,D"]
[Result "0-1"]
[WhiteElo "2152"]
[BlackElo "2368"]

1.d4 Nf6 2.c4 g6 3.Nc3 d5 4.cxd5 Nxd5 5.e4 Nxc3 6.bxc3 Bg7 7.Bc4 c5 8.Ne2 O-O
9.O-O Nc6 10.Be3 Bd7 11.f4 cxd4 12.cxd4 Bg4 13.e5 Rc8 14.Rc1 Na5 15.Bd3 Rxc1
16.Qxc1 Nc6 17.Qb2 Qd7 18.h3 Bxe2 19.Bxe2 e6 20.Bf3 b6 21.g4 Rd8 22.Rd1 Ne7
23.Qf2 Nd5 24.Rd2 Nxe3 25.Qxe3 Bf8 26.Rd1 Qa4 27.Qf2 Bb4 28.Kh1 Bc3 29.f5 Rxd4
30.Rf1 Rd2 31.Qg3 Qb5 32.Bg2 Bxe5 33.Qf3 exf5 34.gxf5 Qd7 35.f6 Rd6 36.Qa8+ Qd8
37.Qxa7 Rd1 38.Qe7 Rxf1+ 39.Bxf1 Bxf6 40.Qxd8+ Bxd8 41.Kg2 Kg7 42.Kf3 f5
43.a4 Kf6 44.Bc4 g5 45.Bb5 h5  0-1

[Event "ch-HUN U20"]
[Site "Budapest HUN"]
[Date "2004.04.05"]
[Round "1"]
[White "Varga,Cs2"]
[Black "Flumbort,A"]
[Result "0-1"]
[WhiteElo "2261"]
[BlackElo "2486"]

1.d4 Nf6 2.c4 g6 3.Nc3 d5 4.cxd5 Nxd5 5.e4 Nxc3 6.bxc3 Bg7 7.Be3 c5 8.Qd2 Qa5
9.Nf3 O-O 10.Rc1 Rd8 11.Be2 cxd4 12.cxd4 Qxd2+ 13.Nxd2 Nc6 14.d5 Nb4 15.Bc5 Nxa2
16.Rc2 Nc3 17.Bxe7 Re8 18.d6 Bd7 19.Bc4 b5 20.Bd5 Rac8 21.Bb7 Rb8 22.Bd5 b4
23.O-O Rec8 24.Bb3 a5 25.Nb1 a4  0-1

[Event "ch-DEN"]
[Site "Koge DEN"]
[Date "2004.04.05"]
[Round "1.2"]
[White "Palo,D"]
[Black "Nilssen,J"]
[Result "1-0"]
[WhiteElo "2505"]
[BlackElo "2426"]

1.d4 Nf6 2.c4 g6 3.Nc3 d5 4.cxd5 Nxd5 5.e4 Nxc3 6.bxc3 Bg7 7.Nf3 c5 8.Be3 Qa5
9.Qd2 Bg4 10.Rb1 a6 11.Rxb7 Bxf3 12.gxf3 Nc6 13.Bc4 O-O 14.O-O cxd4 15.cxd4 Bxd4
16.Bd5 Qxd2 17.Bxd2 Rfc8 18.Rc1 Ne5 19.Kg2 Rxc1 20.Bxc1 Rc8 21.Bh6 e6 22.Bb3 Nc6
23.Ba4 Na5 24.Rd7 Bb6 25.f4 Rd8 26.Re7 Bc5 27.Rc7 Bb6 28.Rc2 f6 29.e5 Kf7
30.exf6 Rd4 31.Rc8 Rd8 32.Rc2 Rd4 33.Rc8 Rd8 34.Rc3 Rd4 35.Bc2 Kxf6 36.Rc8 Ke7
37.Rb8 Bc7 38.Bg5+ Kd6 39.Ra8 Rd2 40.Rxa6+ Kd5 41.Ba4 Rb2 42.Bf6 Rb4 43.Be5 Bb6
44.Bd1 Kc4 45.Be2+ Kc5 46.Ra8  1-0

[Event "Open ch-NOR"]
[Site "Oslo NOR"]
[Date "2004.04.05"]
[Round "3"]
[White "Bjerke,S"]
[Black "Howell,D"]
[Result "0-1"]
[WhiteElo "2083"]
[BlackElo "2332"]

1.d4 Nf6 2.c4 g6 3.Nc3 d5 4.cxd5 Nxd5 5.e4 Nxc3 6.bxc3 Bg7 7.Be3 c5 8.Nf3 Nc6
9.Qd2 Qa5 10.Rc1 cxd4 11.cxd4 Qxd2+ 12.Kxd2 O-O 13.Bc4 Rd8 14.d5 Na5 15.Bd3 e6
16.Ke2 exd5 17.exd5 Rxd5 18.Be4 Rd8 19.Rc7 Be6 20.Nd2 Bxa2 21.Bxb7 Nxb7 22.Rxb7 a5
23.f3 a4 24.Ne4 Bd5 25.Rb6 Bxe4 26.fxe4 a3 27.Bg5 Rdb8 28.Rxb8+ Rxb8 29.Bf4 Rb2+
30.Kf3 a2 31.Rc1 a1=Q 32.Rc8+ Bf8 33.Bh6 Qf1+ 34.Kg3 Rxg2+ 35.Kh4 Qf2+  0-1

[Event "Pobeskydi Arcimpex Cup"]
[Site "Frydek Mistek CZE"]
[Date "2004.04.08"]
[Round "2"]
[White "Czerwonski,A"]
[Black "Toma,K"]
[Result "1/2-1/2"]
[WhiteElo "2388"]
[BlackElo "2245"]

1.d4 Nf6 2.c4 g6 3.Nc3 d5 4.cxd5 Nxd5 5.e4 Nxc3 6.bxc3 Bg7 7.Bb5+ c6 8.Ba4 O-O
9.Ne2 c5 10.O-O Nc6 11.Be3 Na5 12.Qc1 b6 13.d5 e5 14.Ng3  1/2-1/2

[Event "42nd Doeberl Cup"]
[Site "Canberra AUS"]
[Date "2004.04.10"]
[Round "4"]
[White "Reilly,T"]
[Black "Smerdon,D"]
[Result "0-1"]
[WhiteElo "2279"]
[BlackElo "2393"]

1.d4 Nf6 2.c4 g6 3.Nc3 d5 4.cxd5 Nxd5 5.e4 Nxc3 6.bxc3 Bg7 7.Ba3 O-O 8.Nf3 b6
9.Bc4 Bb7 10.Qe2 c5 11.O-O Qc7 12.e5 e6 13.Bd3 Rd8 14.Rac1 Nc6 15.Rfe1 Ne7
16.Ng5 Nd5 17.Qg4 Qc6 18.c4 Ne7 19.Be4 Qd7 20.Bxb7 Qxb7 21.dxc5 Rd3 22.c6 Nxc6
23.Bd6 Rd8 24.h4 Rd4 25.Qg3 h5 26.f3 Ne7 27.Ne4 Nf5 28.Qg5 Rc8 29.c5 Bh6
30.c6 Qa6 31.Qf6 Bg7 32.Qg5 Bh6 33.Qf6 Bxc1 34.Rxc1 Qe2 35.c7 Qe3+ 36.Kh2 Rxe4
37.fxe4 Qf4+ 38.Kg1 Qxc1+ 39.Kh2 Qf4+ 40.Kg1 Qe3+ 41.Kh2 Qg3+  0-1

[Event "8th Neckar Open"]
[Site "Deizisau GER"]
[Date "2004.04.11"]
[Round "6"]
[White "Kunin,V"]
[Black "Eljanov,P"]
[Result "1/2-1/2"]
[WhiteElo "2425"]
[BlackElo "2596"]

1.d4 Nf6 2.c4 g6 3.Nc3 d5 4.cxd5 Nxd5 5.e4 Nxc3 6.bxc3 Bg7 7.Nf3 c5 8.Be3 Qa5
9.Qd2 O-O 10.Rc1 Rd8 11.d5 e6 12.Be2 exd5 13.exd5 Bg4 14.c4 Qa3 15.O-O Nc6
16.Ng5 Bf5 17.g4 Bc8 18.Ne4 Nd4 19.Bxd4 cxd4 20.Rb1 Re8 21.Ng3 b6 22.Rb3 Qe7
23.a4 Be5 24.Re1 Qh4 25.a5 Bxg4 26.Bxg4 Qxg4 27.axb6 axb6 28.Rxb6 h5 29.Kg2 Ra3
30.Qd1 Qf4 31.Rb3 Rxb3 32.Qxb3 h4 33.Re4 Qd2 34.Rxe5 Rxe5 35.Qb8+ Kh7 36.Qxe5 hxg3
37.Qxg3 Qc3 38.Qh4+ Kg7 39.d6 Qxc4 40.Qe4 Qc5 41.d7 Qg5+ 42.Kh1 Qc1+ 43.Kg2 Qg5+
44.Kh1  1/2-1/2

[Event "Pobeskydi Arcimpex Cup"]
[Site "Frydek Mistek CZE"]
[Date "2004.04.11"]
[Round "8"]
[White "Czerwonski,A"]
[Black "Chrz,P"]
[Result "0-1"]
[WhiteElo "2388"]
[BlackElo "2196"]

1.d4 Nf6 2.c4 g6 3.Nc3 d5 4.cxd5 Nxd5 5.e4 Nxc3 6.bxc3 Bg7 7.Bb5+ c6 8.Ba4 O-O
9.Ne2 b6 10.Bg5 Ba6 11.Bb3 Qc7 12.Qd2 Nd7 13.e5 c5 14.Nf4 e6 15.Be7 cxd4
16.cxd4 Rfc8 17.Bd6 Qc6 18.f3 Bh6 19.Kf2 Qb5 20.h4 Rc6 21.h5 g5 22.Nxe6 Rac8
23.d5 Rc3 24.Nd4 Rd3 25.Qb2 Qa5 26.Rad1 Rcc3 27.Nc6 Qb5 28.Ne7+ Kh8 29.e6 Nf6
30.Nf5 Bg7 31.h6 g4 32.hxg7+ Kg8 33.Nh6+ Kxg7 34.Nxg4 Nxd5 35.Be5+ f6 36.Bxc3 Nxc3
37.Rxd3 Qxd3  0-1

[Event "ACP Blitz Prelim1"]
[Site "playchess.com INT"]
[Date "2004.04.12"]
[Round "13"]
[White "Sasikiran,K"]
[Black "Matveeva,S"]
[Result "1-0"]
[WhiteElo "2659"]
[BlackElo "2496"]

1.d4 Nf6 2.c4 g6 3.Nc3 d5 4.cxd5 Nxd5 5.e4 Nxc3 6.bxc3 Bg7 7.Nf3 c5 8.Rb1 O-O
9.Be2 b6 10.O-O Bb7 11.Qd3 Ba6 12.Qc2 cxd4 13.Bxa6 Nxa6 14.cxd4 Qd7 15.Bg5 Rac8
16.Qe2 Qa4 17.Bxe7 Rfe8 18.Bd6 Rc2 19.Qd3 Rxa2 20.e5 Bh6 21.h4 Nb8 22.Bxb8 Rxb8
23.d5 Qc2 24.Rbd1 Qxd3 25.Rxd3 Rd8 26.d6 Rc2 27.Nd4 Rc5 28.f4 b5 29.g3 a5
30.Nb3 Rc2 31.Nxa5 Bf8 32.Rf2 Rc1+ 33.Kg2 f6 34.Nb3 Re1 35.exf6 Rxd6 36.Rxd6 Bxd6
37.g4 Re4 38.g5 Rxf4 39.Rd2 Bf8 40.Kg3 Rc4 41.Nd4 b4 42.Ne6 Re4 43.Nxf8 Kxf8
44.Rd7 Kg8 45.Rg7+ Kh8 46.Rb7 Kg8 47.Rg7+ Kh8 48.Re7  1-0

[Event "ACP Blitz Prelim2"]
[Site "playchess.com INT"]
[Date "2004.04.13"]
[Round "10"]
[White "Notkin,M"]
[Black "Shomoev,A"]
[Result "0-1"]
[WhiteElo "2471"]
[BlackElo "2487"]

1.d4 Nf6 2.c4 g6 3.Nc3 d5 4.cxd5 Nxd5 5.e4 Nxc3 6.bxc3 Bg7 7.Nf3 c5 8.Rb1 O-O
9.Be2 b6 10.O-O Bb7 11.Qd3 Ba6 12.Qe3 Qd7 13.d5 Bxe2 14.Qxe2 Bxc3 15.Rd1 Bg7
16.e5 e6 17.d6 Nc6 18.Bf4 f6 19.exf6 Rxf6 20.Qe4 Rf5 21.Bg3 Raf8 22.h4 Nd4
23.Nxd4 Bxd4 24.Rd2 e5 25.Qd5+ Qf7 26.Qc6 Bxf2+ 27.Rxf2 Rxf2 28.Bxe5 Re2
29.Bg3 Qxa2 30.Rd1 Qb3 31.Qd5+ Qxd5 32.Rxd5 Rd8 33.Bf4 Rd7 34.Kf1 Re4 35.g3 Rd4
36.Rxd4 cxd4 37.Ke2 Kf7  0-1